Alternativa energética (Record no. 147525)

MARC details
000 -LEADER
campo de control de longitud fija 00770nam a2200229 i 4500
001 - NÚMERO DE CONTROL
campo de control 147525
003 - IDENTIFICADOR DE NÚMERO DE CONTROL
campo de control ES-MaACL
005 - FECHA Y HORA DE LA ÚLTIMA TRANSACCIÓN
campo de control 20231218172850.0
007 - CAMPO FIJO DE DESCRIPCIÓN FÍSICA--INFORMACIÓN GENERAL
campo de control de longitud fija t|
008 - DATOS DE LONGITUD FIJA--INFORMACIÓN GENERAL
campo de control de longitud fija 071002q1981 sp |||| | spa d
110 2# - ENTRADA PRINCIPAL--NOMBRE DE ENTIDAD CORPORATIVA
Nombre de entidad corporativa o nombre de jurisdicción como elemento de entrada UGT.
Unidad subordinada Federación Estatal de Industrias Energéticas.
9 (RLIN) 7034
245 10 - MENCIÓN DEL TÍTULO
Título Alternativa energética
Resto del título : una solución socialista para España /
Mención de responsabilidad, etc. Federaciones de Energía y Minería de la UGT ; prólogo de Enrique Barón.
260 ## - PUBLICACIÓN, DISTRIBUCIÓN, ETC.
Lugar de publicación, distribución, etc. [Madrid] :
Nombre del editor, distribuidor, etc. H. Blume,
Fecha de publicación, distribución, etc. [1981]
300 ## - DESCRIPCIÓN FÍSICA
Extensión 251 p. ;
Dimensiones 21 cm.
490 1# - MENCIÓN DE SERIE
Mención de serie Economía
651 #4 - PUNTO DE ACCESO ADICIONAL DE MATERIA--NOMBRE GEOGRÁFICO
Nombre geográfico España-
Subdivisión general Política energética.
9 (RLIN) 8417
700 1# - ENTRADA AGREGADA--NOMBRE PERSONAL
Nombre de persona Barón, Enrique,
Fechas asociadas al nombre 1944-
9 (RLIN) 25767
830 0# - PUNTO DE ACCESO ADICIONAL DE SERIE-TÍTULO UNIFORME
Título uniforme Economía
9 (RLIN) 177792
852 ## - LOCALIZACIÓN
Ubicación ES-MaACL
Número de control de estantería L-2488
942 ## - ELEMENTOS DE ENTRADA SECUNDARIOS (KOHA)
Fuente del sistema de clasificación o colocación Clasificación decimal universal
Holdings
Estatus retirado Estado de pérdida Estado de daño No para préstamo Biblioteca de origen Biblioteca actual Ubicación en estantería Fecha de adquisición Fuente de adquisición Total de préstamos Signatura topográfica completa Código de barras Visto por última vez Precio de reemplazo Tipo de ítem Koha
        Biblioteca del Ateneo de Madrid Biblioteca del Ateneo de Madrid Depósito 2 17/01/2008     L-2488 1153954 23/02/2023 23/02/2023 Libro impreso